Library Banner

آسان سوکس (Record no. 66294)

MARC details
000 -LEADER
fixed length control field 00390nam a22001457a 4500
005 - DATE AND TIME OF LATEST TRANSACTION
control field 20150216150254.0
008 - FIXED-LENGTH DATA ELEMENTS--GENERAL INFORMATION
fixed length control field 150216b xxu||||| |||| 00| 0 eng d
040 ## - CATALOGING SOURCE
Transcribing agency PK-LaUMT
082 ## - DEWEY DECIMAL CLASSIFICATION NUMBER
Classification number KHC 320
Item number ABD-A
100 ## - MAIN ENTRY--PERSONAL NAME
Personal name عبدالقادر
245 ## - TITLE STATEMENT
Title آسان سوکس
Statement of responsibility, etc عبدالقادر
260 ## - PUBLICATION, DISTRIBUTION, ETC. (IMPRINT)
Place of publication, distribution, etc لاہور
Name of publisher, distributor, etc پولیمر پبلیکیشنز
Date of publication, distribution, etc 1990
300 ## - PHYSICAL DESCRIPTION
Extent 399 ص
942 ## - ADDED ENTRY ELEMENTS (KOHA)
Koha item type Books
Holdings
Withdrawn status Lost status Damaged status Home library Current library Date acquired Full call number Barcode Date last seen Price effective from Koha item type
      UMT Main Campus UMT Main Campus 2015-02-16 KHC 320 ABD-A 70435 2015-02-16 2015-02-16 Books